000 00396nam a22001697a 4500
999 _c7825
_d7823
005 20210904141635.0
008 210823b ||||| |||| 00| 0 eng d
020 _a0198265832
041 _aeng
082 _a340.1
100 _aBIX, BRIAN
_96553
245 _aANALYZING LAW : NEW ESSAYS IN LEGAL THEORY
260 _bCLAREINDON
_c1998
300 _a327;p
650 _aLAW
_95701
942 _cBK